000 00699nac a22002411ca4500
001 a987681022
008 170608s2015 gw |||| 000u ger d
020 _a9783525301739
_9978-3-525-30173-9
041 _ager
245 0 0 _aHandbuch einer transnationalen Geschichte Ostmitteleuropas
264 _aGöttingen :
_bVandenhoeck & Ruprecht,
_c2015
650 0 _aMigration
650 0 _aTransnationalisierung
650 0 _aWirtschaftsentwicklung
651 0 _aOstmitteleuropa
700 1 _aHadler, Frank
_eHerausgeberIn
700 1 _aMiddell, Matthias
_eHerausgeberIn
942 _cMG
040 _cRU-10907106
003 RU-10907106
999 _c25355
_d25355
490 0 _aTransnationale Geschichte
_v6